|
|
|
|
| LEADER |
00944naa a2200217 i 4500 |
| 001 |
publ4430 |
| 005 |
20190219134131.0 |
| 008 |
141009s2014 hu o 0|| angol d |
| 020 |
|
|
|a 978-615-5305-89-4
|
| 024 |
7 |
|
|a 2745147
|2 mtmt
|
| 040 |
|
|
|a SZTE Publicatio Repozitórium
|b hun
|
| 041 |
|
|
|a angol
|
| 100 |
1 |
|
|a Merkovity Norbert
|
| 245 |
1 |
0 |
|a Social Media Innovation in Political Communication
|h [elektronikus dokumentum] :
|b Alternative or Mainstream? /
|c Merkovity Norbert
|
| 260 |
|
|
|a Nemzeti Közszolgálati és Tankönyv Kiadó Zrt.
|b Budapest, Magyarország
|c 2014
|
| 300 |
|
|
|a 155-171
|
| 490 |
0 |
|
|a ICT Driven Public Service Innovation: Comparative Approach Focusing on Hungary
|
| 700 |
0 |
1 |
|a Imre Róbert
|e aut
|
| 700 |
0 |
1 |
|a Major Stella
|e aut
|
| 856 |
4 |
0 |
|u http://publicatio.bibl.u-szeged.hu/4430/7/2745147_cimlap_tartj.pdf
|z Dokumentum-elérés
|
| 856 |
4 |
0 |
|u http://publicatio.bibl.u-szeged.hu/4430/1/REV09-SocMed_PolCom_V6.pdf
|z Dokumentum-elérés
|